Napoleon's Battles - Statistics

General Stats
  • This quiz has been taken 64 times
  • The average score is 6 of 14
Answer Stats
Hint Answer % Correct
Known as Napoleon'smasterpiece (1805) Austerlitz
89%
Napoleons final battle (1815) Waterloo
86%
Battle of the Nations in Germany(1813) Leipzig
66%
Battle that made Napoleona general (1793) Toulon
61%
Final battle before reaching Moscow (1812) Borodino
59%
Initially lost the battle. Reinforcedby Desaix's troops and won (1800) Marengo
57%
Battle fought in snowyeast Prussia (1807) Eylau
43%
Napoleon tries to lead nervoustroops across bridge by carrying their flag. (1796) Arcole
32%
Napoleon's revenge after battle above(1809) Wagram
30%
Napoleons first major defeat againstAustria (1809) Aspern-Essling
20%
Napoleon crushes Prussia.Davout's corp faces main force (1806) Jena-Auerstadt
13%
Battle in Syria Napoleonwon despite having 4k men fighting 35k (1799) Mount Tabor
13%
Battle fought north ofMadrid in mountain pass (1808) Somosierra
7%
Napoleon's first ever battle. Endsin defeat due to desertion (1793) La Maddalena
5%
No matching quizzes found
Score Distribution
Percent of People with Each Score
Percentile by Number Answered
Your Score History
You have not taken this quiz